000 00802nam a2200217 i 4500
001 37595
003 ES-MaACL
005 20250806052059.0
007 t|
008 030221s1966 sp ||||1| spa d
100 1 _aBurckhardt, Walther.
_932586
245 1 0 _aAtlas y compendio de Dermatología y Venereología /
_cpor W. Burckhardt ; [traducción... Agustín Martínez Muñoz ; revisión y prólogo... José A. Sarró Palau].
260 _aBarcelona, etc. :
_bLabor,
_c1966.
300 _aXVI, 214 p., 55 lám. ;
_c24 cm.
650 0 4 _aPiel-
_xEnfermedades.
_915998
650 7 _aEnfermedades de transmisión sexual
_2embne
_912260
700 1 _aMartínez Muñoz, Agustín.
_9200078
700 1 _aSarró Palau, José A.
_9103874
852 _aES-MaACL
_jC-29239
_bR.59718
999 _c37595
_d37595